Guess the Olivia Rodrigo Song by Emojis - Statistics

General Stats
  • This quiz has been taken 211 times
  • The average score is 6 of 8
Answer Stats
Hint Answer % Correct
🧛 vampire
99%
🚘🪪 drivers license
94%
👍4️⃣🫵 good 4 u
90%
1️⃣👟⬆️3️⃣👟⬇️ 1 step forward, 3 steps back
88%
😱 🎸 scared of my guitar
74%
❌💡➡️ bad idea right
65%
❤️😳 love is embarrassing
62%
🧠🧐 logical
52%
No matching quizzes found
Score Distribution
Percent of People with Each Score
Percentile by Number Answered
Your Score History
You have not taken this quiz